[Event "IMSA Blitz 2016"]
[Site "Huai'an CHN"]
[Date "2016.02.28"]
[Round "1.1"]
[White "Fressinet, Laurent"]
[Black "Li, Chao b"]
[Result "1/2-1/2"]
[WhiteTitle "GM"]
[BlackTitle "GM"]
[WhiteElo "2700"]
[BlackElo "2751"]
[WhiteFideId "608742"]
[BlackFideId "8604436"]
[EventDate "2016.02.28"]

1. Nf3 Nf6 2. g3 g6 3. Bg2 Bg7 4. O-O O-O 5. c4 c5 6. Nc3 d5 7. cxd5 Nxd5 8. Qa4
e6 9. d3 Nb6 10. Qb5 Na6 11. Bg5 Qe8 12. Qxe8 Rxe8 13. Rac1 Bd7 14. a3 Bc6 15.
Rc2 h6 16. Be3 Nd5 17. Bd2 Rad8 18. Nxd5 exd5 19. Bc1 Ba4 20. Rd2 Bb3 21. e3 Nc7
22. Re2 b5 23. Rfe1 a5 24. d4 c4 25. e4 dxe4 26. Rxe4 Rxe4 27. Rxe4 Ne6 28. Bd2
Nxd4 29. Bxa5 Bc2 30. Rxd4 Rxd4 31. Nxd4 Bxd4 32. Bc3 Bc5 33. Bc6 Ba4 34. Kg2 f5
35. f4 Kf7 36. Bd5+ Ke7 37. h4 h5 38. Be5 Be3 39. Bc3 Bc1 40. Kf3 Bd1+ 41. Kg2
Be3 42. Bb4+ Kf6 43. Bc3+ Ke7 44. Bb4+ Kf6 45. Bc3+ 1/2-1/2

[Event "IMSA Blitz 2016"]
[Site "Huai'an CHN"]
[Date "2016.02.28"]
[Round "1.3"]
[White "Sargissian, Gabriel"]
[Black "Wojtaszek, Radoslaw"]
[Result "1-0"]
[WhiteTitle "GM"]
[BlackTitle "GM"]
[WhiteElo "2702"]
[BlackElo "2727"]
[WhiteFideId "13300881"]
[BlackFideId "1118358"]
[EventDate "2016.02.28"]

1. d4 Nf6 2. c4 e6 3. Nc3 Bb4 4. Nf3 b6 5. Bd2 Bb7 6. g3 O-O 7. Bg2 c5 8. dxc5
Bxc5 9. O-O Be7 10. Bf4 a6 11. Qd2 Nc6 12. Rfd1 Rc8 13. Rac1 Na5 14. b3 d5 15.
cxd5 Nxd5 16. Nxd5 Bxd5 17. Ne5 Bxg2 18. Qxd8 Rcxd8 19. Kxg2 Rxd1 20. Rxd1 f6
21. Nd7 Rc8 22. Nxb6 Rc2 23. Rd2 Rc6 24. Na4 e5 25. Be3 Kf7 26. Rd7 Ke6 27. Ra7
Bb4 28. Bb6 Rc2 29. Bxa5 1-0

[Event "IMSA Blitz 2016"]
[Site "Huai'an CHN"]
[Date "2016.02.28"]
[Round "1.4"]
[White "Navara, David"]
[Black "Movsesian, Sergei"]
[Result "1-0"]
[WhiteTitle "GM"]
[BlackTitle "GM"]
[WhiteElo "2734"]
[BlackElo "2653"]
[WhiteFideId "309095"]
[BlackFideId "310204"]
[EventDate "2016.02.28"]

1. e4 c5 2. Nf3 e6 3. d4 cxd4 4. Nxd4 Nc6 5. Nc3 Qc7 6. Be2 a6 7. O-O b5 8. Nxc6
dxc6 9. a4 b4 10. Nb1 Nf6 11. Nd2 Bc5 12. Bd3 e5 13. h3 O-O 14. Qe2 a5 15. Nb3
Bb6 16. Bg5 Nd7 17. Bc4 Nc5 18. Be3 Nxb3 19. cxb3 Rd8 20. Rfd1 Bd4 21. Rac1 Qe7
22. Bxd4 exd4 23. f4 c5 24. e5 Ra7 25. Bd3 g6 26. Rc2 Be6 27. Bc4 Bf5 28. Rcc1
Rad7 29. g4 d3 30. Qe3 d2 31. Ra1 Bc2 32. f5 Bxd1 33. Rxd1 Rd4 34. f6 Qf8 35.
Kf1 Re8 36. g5 Qd6 37. e6 fxe6 38. Qe2 Rf4+ 39. Kg2 Rd4 40. Qf3 Rf8 41. Qb7 Rf7
42. Qc8+ Rf8 43. Bxe6+ Kh8 44. Qb7 1-0

[Event "IMSA Blitz 2016"]
[Site "Huai'an CHN"]
[Date "2016.02.28"]
[Round "2.6"]
[White "Wojtaszek, Radoslaw"]
[Black "Navara, David"]
[Result "1/2-1/2"]
[WhiteTitle "GM"]
[BlackTitle "GM"]
[WhiteElo "2727"]
[BlackElo "2734"]
[WhiteFideId "1118358"]
[BlackFideId "309095"]
[EventDate "2016.02.28"]

1. d4 Nf6 2. c4 e6 3. Nc3 Bb4 4. Nf3 b6 5. Bd2 Bb7 6. g3 c5 7. dxc5 Bxc5 8. Bg2
O-O 9. O-O Be7 10. Bf4 Na6 11. Rc1 Nc5 12. Nb5 d5 13. Ne5 a6 14. Nc3 Rc8 15.
cxd5 exd5 16. Nf3 Ne6 17. Be5 Ne4 18. Nd4 Nxc3 19. bxc3 Nxd4 20. Bxd4 b5 21. a4
Bc6 22. axb5 Bxb5 23. Ra1 Bc5 24. Re1 Re8 25. e3 Qd6 26. Bxc5 Qxc5 27. Qxd5 Qxd5
28. Bxd5 Rxc3 29. Bb7 Re6 30. Rec1 Rxc1+ 31. Rxc1 Kf8 32. Rc8+ Re8 33. Rc7 Re7
34. Rc8+ Re8 35. Rc7 Rd8 36. e4 Rd1+ 37. Kg2 Rd7 38. Rc8+ Ke7 39. Bd5 a5 40. Ra8
a4 41. Ra5 Bd3 42. Rxa4 f5 43. f3 Rc7 44. Kf2 fxe4 45. fxe4 Rc2+ 46. Ke3 Bb5 47.
Ra7+ Kf6 48. Rf7+ Kg6 49. h4 Rc3+ 50. Kf4 Be2 51. e5 Bf3 52. Rd7 Bxd5 53. Rxd5
Rc4+ 54. Kf3 Kf5 55. Rd7 Rc3+ 56. Kg2 g5 57. Rxh7 gxh4 58. Rh5+ Ke6 59. gxh4 Rc4
60. Kf3 Rb4 61. Kg3 Rb3+ 62. Kg4 Rb4+ 63. Kg5 Ra4 64. Kg6 Rg4+ 65. Kh6 Kf7 66.
Kh7 Ke6 67. Kh6 Kf7 68. Kh7 Ke6 69. Rh6+ Kxe5 70. h5 Kf5 71. Rg6 Ra4 72. h6 Ra7+
73. Rg7 Ra6 74. Rf7+ Kg5 75. Rg7+ Kh5 76. Kg8 Kxh6 77. Rh7+ Kg5 78. Rg7+ Rg6 79.
Rxg6+ Kxg6 1/2-1/2

[Event "IMSA Blitz 2016"]
[Site "Huai'an CHN"]
[Date "2016.02.28"]
[Round "3.2"]
[White "Sargissian, Gabriel"]
[Black "Fressinet, Laurent"]
[Result "1-0"]
[WhiteTitle "GM"]
[BlackTitle "GM"]
[WhiteElo "2702"]
[BlackElo "2700"]
[WhiteFideId "13300881"]
[BlackFideId "608742"]
[EventDate "2016.02.28"]

1. d4 Nf6 2. c4 e6 3. Nc3 Bb4 4. Nf3 d5 5. Bg5 h6 6. Bxf6 Qxf6 7. Qa4+ Nc6 8.
cxd5 exd5 9. e3 O-O 10. Be2 a6 11. O-O Be6 12. Rfc1 Bd6 13. Qd1 Ne7 14. Na4 b6
15. a3 g5 16. b4 g4 17. Nd2 h5 18. Nf1 Qg5 19. Nb2 h4 20. Nd3 Kg7 21. Ne5 f5 22.
Rc3 Ng6 23. Rac1 Qe7 24. Bd3 Nxe5 25. dxe5 Bxe5 26. Rc6 Bd6 27. Bb1 a5 28. b5
Rac8 29. a4 Qf6 30. Ba2 Rfd8 31. g3 h3 32. Qd4 Be5 33. Qd2 Bd6 34. Qd4 Rf8 35.
Qxf6+ Kxf6 36. Nd2 Bd7 37. R6c2 Be6 38. Nb3 Rfd8 39. Nd4 Bf7 40. Rc6 Kg5 41. Bb1
Be8 42. Ne6+ Kf6 43. Nxd8 Rxd8 44. R6c2 Bd7 45. Rd2 Be6 46. Ba2 Bc5 47. Rcd1 Ke5
48. Rd3 Rd6 49. Kf1 Bf7 50. Ke2 Be6 51. f4+ gxf3+ 52. Kxf3 Bf7 53. Kf2 Bb4 54.
Bb3 Bc5 55. Ba2 Bb4 56. Rd4 Bc5 57. Rh4 Be6 58. Rxh3 d4 59. Bxe6 dxe3+ 60. Ke2
Rxe6 61. Rh5 Ke4 62. Rf1 Rd6 63. Rf4+ Ke5 64. Rhxf5+ Ke6 65. Rf6+ Ke5 66. Rxd6
cxd6 1-0

[Event "IMSA Blitz 2016"]
[Site "Huai'an CHN"]
[Date "2016.02.28"]
[Round "3.7"]
[White "Tomashevsky, Evgeny"]
[Black "Mamedov, Rauf"]
[Result "1-0"]
[WhiteTitle "GM"]
[BlackTitle "GM"]
[WhiteElo "2728"]
[BlackElo "2650"]
[WhiteFideId "4147235"]
[BlackFideId "13401653"]
[EventDate "2016.02.28"]

1. e4 c5 2. Nf3 d6 3. Bb5+ Nd7 4. O-O Nf6 5. Re1 a6 6. Bf1 b6 7. c3 Bb7 8. d3 g6
9. Bg5 Bg7 10. Nbd2 h6 11. Bh4 O-O 12. d4 cxd4 13. cxd4 g5 14. Bg3 Nh5 15. a4
Nxg3 16. hxg3 Nf6 17. Bd3 e6 18. Nf1 d5 19. e5 Ne4 20. N1d2 g4 21. Nh2 f5 22.
exf6 Qxf6 23. Nxg4 Qg6 24. Ne5 Bxe5 25. dxe5 Rad8 26. Qe2 Qg5 27. Bxe4 dxe4 28.
Nxe4 Bxe4 29. Qxe4 Rd2 30. Re2 Rd5 31. Rae1 Rf5 32. Qc4 a5 33. Qc8+ Kf7 34. Qc7+
Qe7 35. Qxb6 h5 36. Re4 Rd2 37. Rf4 Rxf4 38. gxf4 h4 39. Qxa5 Rxb2 40. Qc3 Ra2
41. Qd4 h3 42. gxh3 Qh4 43. Kg2 Qh6 44. Re3 Qg6+ 45. Rg3 Qc2 46. Qd7+ Kf8 47.
Qd8+ 1-0

[Event "IMSA Blitz 2016"]
[Site "Huai'an CHN"]
[Date "2016.02.28"]
[Round "4.3"]
[White "Ponomariov, Ruslan"]
[Black "Tomashevsky, Evgeny"]
[Result "0-1"]
[WhiteTitle "GM"]
[BlackTitle "GM"]
[WhiteElo "2712"]
[BlackElo "2728"]
[WhiteFideId "14103320"]
[BlackFideId "4147235"]
[EventDate "2016.02.28"]

1. e4 e5 2. Nc3 Nc6 3. f4 Bc5 4. Nf3 d6 5. Bc4 Nf6 6. d3 Bg4 7. Na4 Bxf3 8. Qxf3
Nd4 9. Qd1 b5 10. fxe5 bxc4 11. exf6 Qxf6 12. Nxc5 dxc5 13. c3 Nc6 14. dxc4 Ne5
15. Be3 O-O 16. Qe2 Rad8 17. Rd1 Rfe8 18. Bxc5 Rxd1+ 19. Kxd1 Qa6 20. Kc2 Qxa2
21. Bd4 Nxc4 22. Kd3 Nxb2+ 23. Ke3 Nc4+ 24. Kf3 Nd2+ 25. Kf4 0-1

[Event "IMSA Blitz 2016"]
[Site "Huai'an CHN"]
[Date "2016.02.28"]
[Round "4.7"]
[White "Fressinet, Laurent"]
[Black "Navara, David"]
[Result "1-0"]
[WhiteTitle "GM"]
[BlackTitle "GM"]
[WhiteElo "2700"]
[BlackElo "2734"]
[WhiteFideId "608742"]
[BlackFideId "309095"]
[EventDate "2016.02.28"]

1. Nf3 d5 2. g3 c6 3. Bg2 Nf6 4. O-O Bf5 5. c4 e6 6. cxd5 cxd5 7. Qb3 Qb6 8.
Qxb6 axb6 9. d3 Nc6 10. Nc3 Be7 11. Bf4 O-O 12. Rfc1 Rfc8 13. Nb5 Bg4 14. Nd6
Bxd6 15. Bxd6 Bxf3 16. Bxf3 Nd4 17. Kg2 Nc2 18. Rab1 Rxa2 19. e4 Rc6 20. Be5 Nb4
21. Rd1 Rc2 22. Bc3 Nc6 23. Ra1 Rxa1 24. Rxa1 h6 25. Bd1 Rxc3 26. bxc3 dxe4 27.
dxe4 Nxe4 28. Bc2 f5 29. Bxe4 fxe4 30. Rb1 Kf7 31. Rxb6 Nd8 32. Kf1 Ke7 33. Ke2
Kd7 34. Ke3 Kc7 35. Rb1 1-0

[Event "IMSA Blitz 2016"]
[Site "Huai'an CHN"]
[Date "2016.02.28"]
[Round "5.1"]
[White "Sargissian, Gabriel"]
[Black "Li, Chao b"]
[Result "0-1"]
[WhiteTitle "GM"]
[BlackTitle "GM"]
[WhiteElo "2702"]
[BlackElo "2751"]
[WhiteFideId "13300881"]
[BlackFideId "8604436"]
[EventDate "2016.02.28"]

1. d4 Nf6 2. c4 c5 3. Nf3 g6 4. Nc3 cxd4 5. Nxd4 Bg7 6. e4 O-O 7. Be3 Nc6 8. f3
d6 9. Qd2 Nxd4 10. Bxd4 Be6 11. Be2 a5 12. O-O a4 13. Rac1 Qa5 14. Rc2 Rfc8 15.
b3 axb3 16. axb3 Nd7 17. Be3 Qb4 18. Rb1 Nc5 19. Nb5 Qxd2 20. Rxd2 Bd7 21. Kf2
f5 22. exf5 Bxf5 23. Rh1 Nxb3 24. Rdd1 Ra2 25. c5 dxc5 26. g4 Be6 27. Rhe1 Bc4 0-1

[Event "IMSA Blitz 2016"]
[Site "Huai'an CHN"]
[Date "2016.02.28"]
[Round "5.6"]
[White "Tomashevsky, Evgeny"]
[Black "Movsesian, Sergei"]
[Result "1-0"]
[WhiteTitle "GM"]
[BlackTitle "GM"]
[WhiteElo "2728"]
[BlackElo "2653"]
[WhiteFideId "4147235"]
[BlackFideId "310204"]
[EventDate "2016.02.28"]

1. e4 c5 2. Nf3 e6 3. b3 d6 4. Bb2 Nc6 5. Bb5 e5 6. O-O Be7 7. c3 f5 8. exf5 e4
9. Ne1 Nf6 10. d3 Bxf5 11. Nd2 exd3 12. Bxd3 Bg4 13. Nef3 O-O 14. c4 Qd7 15. Re1
Rae8 16. h3 Bh5 17. a3 d5 18. cxd5 Nxd5 19. Qc2 Nf4 20. Bxh7+ Kh8 21. Be4 Nxh3+
22. gxh3 Qxh3 23. Re3 Qg4+ 24. Kh1 Nd4 25. Qd3 Bd6 26. Nh2 Bxh2 27. Rh3 Rxf2 28.
Bxd4 Rxe4 29. Bxf2 c4 30. Qf3 1-0

[Event "IMSA Blitz 2016"]
[Site "Huai'an CHN"]
[Date "2016.02.28"]
[Round "6.1"]
[White "Li, Chao b"]
[Black "Mamedov, Rauf"]
[Result "0-1"]
[WhiteTitle "GM"]
[BlackTitle "GM"]
[WhiteElo "2751"]
[BlackElo "2650"]
[WhiteFideId "8604436"]
[BlackFideId "13401653"]
[EventDate "2016.02.28"]

1. d4 g6 2. e4 Bg7 3. Nc3 d6 4. Nf3 a6 5. Be2 Nf6 6. O-O O-O 7. a4 Nc6 8. h3 e5
9. dxe5 dxe5 10. Bg5 Be6 11. Nd5 Bxd5 12. Bxf6 Qxf6 13. exd5 Ne7 14. c4 e4 15.
Nd2 e3 16. fxe3 Qxb2 17. Rb1 Qe5 18. e4 b6 19. Bf3 Nc8 20. Qc2 Nd6 21. Nb3 Qg3
22. c5 bxc5 23. Qxc5 Be5 24. Rfc1 f5 25. exf5 Rxf5 26. Nd2 Qh2+ 27. Kf1 Raf8 28.
Qg1 Qf4 29. Qf2 Bd4 30. Rb4 Bxf2 31. Rxf4 Rxf4 32. Kxf2 R8f7 33. a5 Ra4 34. Rc5
Kg7 35. Kg3 Ra3 36. Rc6 Rxa5 37. Nb3 Nf5+ 38. Kh2 Ra2 39. Nc5 Nd4 40. Ne6+ Nxe6
41. dxe6 Rxf3 42. Rxc7+ Kh6 0-1

[Event "IMSA Blitz 2016"]
[Site "Huai'an CHN"]
[Date "2016.02.28"]
[Round "6.4"]
[White "Wojtaszek, Radoslaw"]
[Black "Tomashevsky, Evgeny"]
[Result "1/2-1/2"]
[WhiteTitle "GM"]
[BlackTitle "GM"]
[WhiteElo "2727"]
[BlackElo "2728"]
[WhiteFideId "1118358"]
[BlackFideId "4147235"]
[EventDate "2016.02.28"]

1. d4 Nf6 2. c4 e6 3. Nc3 Bb4 4. Nf3 b6 5. Bd2 Bb7 6. g3 O-O 7. Bg2 d6 8. O-O
Bxc3 9. Bxc3 Be4 10. Bh3 Nbd7 11. Nd2 Bg6 12. Bg2 d5 13. Qa4 a6 14. Qc6 Ra7 15.
Rac1 Nb8 16. Qa4 c6 17. cxd5 cxd5 18. Bb4 Re8 19. Nf3 Be4 20. Ne5 Bxg2 21. Kxg2
Nfd7 22. Nxd7 Nxd7 23. Qc6 h5 24. Qd6 a5 25. Bd2 Qf6 26. Be3 h4 27. Rc7 Rxc7 28.
Qxc7 Qe7 29. Bf4 hxg3 30. hxg3 a4 31. Rc1 Nf6 32. Qxe7 Rxe7 33. Rc8+ Kh7 34. f3
Rb7 35. Bd6 b5 36. a3 Kg6 37. g4 Nd7 38. Bc5 Nb6 39. Bxb6 Rxb6 40. Kf2 Kf6 41.
Rc7 g5 42. Ke3 b4 43. axb4 Rxb4 44. Ra7 Rxb2 45. Rxa4 1/2-1/2

[Event "IMSA Blitz 2016"]
[Site "Huai'an CHN"]
[Date "2016.02.28"]
[Round "6.8"]
[White "Sargissian, Gabriel"]
[Black "Navara, David"]
[Result "1-0"]
[WhiteTitle "GM"]
[BlackTitle "GM"]
[WhiteElo "2702"]
[BlackElo "2734"]
[WhiteFideId "13300881"]
[BlackFideId "309095"]
[EventDate "2016.02.28"]

1. d4 Nf6 2. c4 e6 3. Nc3 Bb4 4. Nf3 b6 5. Bd2 Bb7 6. g3 c5 7. dxc5 Bxc5 8. Bg2
O-O 9. O-O Be7 10. Bf4 Na6 11. Rc1 Nc5 12. Bd6 Bxd6 13. Qxd6 Nce4 14. Nxe4 Nxe4
15. Qd4 d6 16. Rfd1 Rc8 17. Nd2 Nc5 18. Bxb7 Nxb7 19. Ne4 Rc6 20. Nc3 a6 21. b3
Qc7 22. Qe3 Rc8 23. Rc2 d5 24. Rcd2 b5 25. Nxd5 exd5 26. cxb5 axb5 27. Rxd5 Rd6
28. Rxd6 Nxd6 29. Qe5 Ne8 30. Qxb5 Qc2 31. Qd7 h6 32. Qd2 Qe4 33. Qd3 Qa8 34. a4
Nf6 35. Ra1 Ne4 36. a5 Rc3 37. Qd4 Ng5 38. h4 Ne4 39. a6 Nxg3 40. fxg3 Rxg3+ 41.
Kf2 Qg2+ 42. Ke1 Qh1+ 43. Kd2 Qa8 44. a7 Rxb3 45. Ra5 1-0

[Event "IMSA Blitz 2016"]
[Site "Huai'an CHN"]
[Date "2016.02.28"]
[Round "7.1"]
[White "Navara, David"]
[Black "Li, Chao b"]
[Result "1-0"]
[WhiteTitle "GM"]
[BlackTitle "GM"]
[WhiteElo "2734"]
[BlackElo "2751"]
[WhiteFideId "309095"]
[BlackFideId "8604436"]
[EventDate "2016.02.28"]

1. d4 d5 2. c4 c6 3. cxd5 cxd5 4. Nc3 Nf6 5. Bf4 Nc6 6. e3 Bf5 7. Qb3 Na5 8.
Qa4+ Bd7 9. Qc2 Rc8 10. Bd3 e6 11. Nf3 Be7 12. h3 Nc6 13. a3 Nh5 14. Bh2 f5 15.
g4 fxg4 16. hxg4 Nf6 17. g5 Ne4 18. Bxe4 dxe4 19. Qxe4 Qb6 20. Rb1 Na5 21. Ne5
Nc4 22. Nxd7 Kxd7 23. Bf4 Nxb2 24. Nd1 Qa5+ 25. Kf1 Qa6+ 26. Kg2 Nxd1 27. Rxb7+
Ke8 28. Rxd1 Rf8 29. Rh1 Rh8 30. Be5 Bxg5 31. Qg6+ 1-0

[Event "IMSA Blitz 2016"]
[Site "Huai'an CHN"]
[Date "2016.02.28"]
[Round "7.8"]
[White "Mamedov, Rauf"]
[Black "Ponomariov, Ruslan"]
[Result "1-0"]
[WhiteTitle "GM"]
[BlackTitle "GM"]
[WhiteElo "2650"]
[BlackElo "2712"]
[WhiteFideId "13401653"]
[BlackFideId "14103320"]
[EventDate "2016.02.28"]

1. g3 c5 2. Bg2 Nc6 3. e4 g6 4. Nc3 Bg7 5. f4 d6 6. d3 e6 7. Nh3 Nge7 8. O-O O-O
9. Kh1 Rb8 10. a4 a6 11. Ng5 b5 12. axb5 axb5 13. g4 b4 14. Ne2 h6 15. Nf3 f5
16. gxf5 exf5 17. Ng3 Bb7 18. Nh4 Nd4 19. c3 bxc3 20. bxc3 Ne6 21. Bd2 Qd7 22.
Rb1 d5 23. Nxg6 Nxg6 24. exf5 Nh4 25. fxe6 Qxe6 26. f5 Qd7 27. d4 Nxg2 28. Kxg2
cxd4 29. cxd4 Ba6 30. Rf4 Rxb1 31. Qxb1 Bf6 32. Rg4+ Kh7 33. Rg6 Bc4 34. Rxh6+
Kg8 35. Rg6+ Kf7 36. Qd1 Rh8 37. Qg4 Qe7 38. Bg5 Bxg5 39. Rxg5 Qf6 40. Rg6 Qh4
41. Rg7+ Kf8 42. Rg8+ 1-0

[Event "IMSA Blitz 2016"]
[Site "Huai'an CHN"]
[Date "2016.02.28"]
[Round "8.1"]
[White "Li, Chao b"]
[Black "Ponomariov, Ruslan"]
[Result "0-1"]
[WhiteTitle "GM"]
[BlackTitle "GM"]
[WhiteElo "2751"]
[BlackElo "2712"]
[WhiteFideId "8604436"]
[BlackFideId "14103320"]
[EventDate "2016.02.28"]

1. d4 Nf6 2. c4 e6 3. Nc3 Bb4 4. Nf3 b6 5. e3 O-O 6. Bd3 d5 7. cxd5 exd5 8. O-O
Ba6 9. Ne5 Qc8 10. a3 Bd6 11. Nb5 Be7 12. b4 c6 13. Nc3 Bxd3 14. Qxd3 Nbd7 15.
f4 b5 16. Bd2 Nb6 17. Be1 Nc4 18. Bh4 Re8 19. Rf3 a5 20. bxa5 Rxa5 21. Rh3 h6
22. Rg3 Qe6 23. Bxf6 Bxf6 24. e4 b4 25. f5 Nxe5 26. Qb1 Qd6 27. axb4 Rxa1 28.
Qxa1 Qxb4 29. dxe5 Bxe5 30. f6 Bxg3 31. hxg3 Qd4+ 32. Kh2 dxe4 33. fxg7 e3 34.
Qe1 e2 35. Nxe2 Qe5 36. Qd2 Qh5+ 37. Kg1 Rxe2 38. Qd8+ Kxg7 39. Qd4+ Qe5 40.
Qg4+ Kh7 41. Qf3 Qe3+ 0-1

[Event "IMSA Blitz 2016"]
[Site "Huai'an CHN"]
[Date "2016.02.28"]
[Round "8.2"]
[White "Movsesian, Sergei"]
[Black "Mamedov, Rauf"]
[Result "0-1"]
[WhiteTitle "GM"]
[BlackTitle "GM"]
[WhiteElo "2653"]
[BlackElo "2650"]
[WhiteFideId "310204"]
[BlackFideId "13401653"]
[EventDate "2016.02.28"]

1. e4 c5 2. Nf3 Nc6 3. Nc3 g6 4. d4 cxd4 5. Nxd4 Bg7 6. Nde2 Nf6 7. g3 d6 8. Bg2
O-O 9. O-O Be6 10. Re1 Bc4 11. Nf4 Rc8 12. b3 Ba6 13. Bb2 Qa5 14. Rb1 Rfe8 15.
a3 Qd8 16. Qd2 Ne5 17. Ncd5 Nfd7 18. a4 b6 19. c4 Nc5 20. Ba1 e6 21. Nc3 Qe7 22.
Red1 Red8 23. h3 Bb7 24. Nfe2 a6 25. Qe3 Nc6 26. Kh2 Nb4 27. Rd2 h5 28. Nd4 Ba8
29. Nce2 Re8 30. Nc2 Nxc2 31. Rxc2 Bxa1 32. Rxa1 d5 33. exd5 exd5 34. Qxe7 Rxe7
35. cxd5 Rd8 36. b4 Nd3 37. Nc3 Nxb4 38. Rb2 a5 39. Rd1 Red7 40. Rbd2 Kg7 41. h4
Rc7 42. Nb5 Rc5 43. d6 Bxg2 44. Kxg2 Rd7 45. Re2 Kf6 46. Rde1 Rxb5 47. axb5 Rxd6
48. Rc1 Rd5 49. Rc7 Rxb5 50. Ree7 Nd5 51. Rxf7+ Ke6 52. Ra7 Rb2 53. Rg7 Kf6 54.
Rgd7 Ne3+ 55. Kf3 Ng4 56. Rf7+ Ke5 57. Kg2 Ra2 58. Rae7+ Kd5 59. Rb7 Kc6 60.
Rfc7+ Kd6 61. Rf7 Kc6 62. Rfc7+ Kb5 63. Rf7 a4 64. Kf1 a3 65. f3 Ne3+ 66. Ke1
Rh2 67. Rf6 Nd5 68. Rd6 a2 69. Ra7 Nb4 70. Rd2 Rxd2 71. Kxd2 Na6 0-1

[Event "IMSA Blitz 2016"]
[Site "Huai'an CHN"]
[Date "2016.02.28"]
[Round "8.5"]
[White "Fressinet, Laurent"]
[Black "Tomashevsky, Evgeny"]
[Result "1-0"]
[WhiteTitle "GM"]
[BlackTitle "GM"]
[WhiteElo "2700"]
[BlackElo "2728"]
[WhiteFideId "608742"]
[BlackFideId "4147235"]
[EventDate "2016.02.28"]

1. Nf3 Nf6 2. g3 b6 3. Bg2 Bb7 4. O-O e6 5. d3 d5 6. Nbd2 Be7 7. e4 c5 8. Re1
Nc6 9. c3 Qc7 10. h4 dxe4 11. dxe4 Ng4 12. Qe2 Nge5 13. Nc4 Nxf3+ 14. Bxf3 Ba6
15. e5 O-O 16. Bf4 Rad8 17. Qe4 Nd4 18. Nd6 Nxf3+ 19. Qxf3 f6 20. Qg4 Qd7 21.
Rad1 Bxd6 22. Rxd6 Qf7 23. Rxd8 Rxd8 24. exf6 h5 25. Qxg7+ Qxg7 26. fxg7 Kxg7
27. Rxe6 Rd1+ 28. Kg2 Bc4 29. Re5 Kg6 30. f3 Bxa2 31. Rg5+ Kf6 32. Rxh5 Rb1 33.
Rh6+ Kg7 34. Rd6 Rxb2+ 35. Kh3 Rf2 36. Kg4 Kf7 37. h5 Be6+ 38. Kg5 Rxf3 39. h6
Rf1 40. Rc6 Rh1 41. Rc7+ Ke8 42. h7 Bd7 43. Kg6 Kd8 44. Kg7 1-0

[Event "IMSA Blitz 2016"]
[Site "Huai'an CHN"]
[Date "2016.02.28"]
[Round "9.7"]
[White "Mamedov, Rauf"]
[Black "Wojtaszek, Radoslaw"]
[Result "1/2-1/2"]
[WhiteTitle "GM"]
[BlackTitle "GM"]
[WhiteElo "2650"]
[BlackElo "2727"]
[WhiteFideId "13401653"]
[BlackFideId "1118358"]
[EventDate "2016.02.28"]

1. g3 d5 2. Bg2 c6 3. d3 Nf6 4. Nd2 h6 5. e4 Bg4 6. Ngf3 dxe4 7. dxe4 Nbd7 8. h3
Bxf3 9. Qxf3 e6 10. O-O Bc5 11. Nc4 Qc7 12. e5 Nxe5 13. Qf4 Nfd7 14. Re1 f6 15.
Qe4 O-O-O 16. Bf4 g5 17. Bxe5 Nxe5 18. Nxe5 fxe5 19. Qc4 Qd6 20. Re2 Rhf8 21. a4
Rf6 22. c3 Rdf8 23. Rf1 a5 24. Be4 Kb8 25. Kg2 Bb6 26. b4 axb4 27. cxb4 Qd4 28.
Qxd4 Bxd4 29. Rc2 R6f7 30. a5 Ka7 31. f3 Rd7 32. Rb1 Be3 33. Re2 Rd2 34. Rxd2
Bxd2 35. b5 Bxa5 36. bxc6 bxc6 37. Bxc6 Rb8 1/2-1/2

[Event "IMSA Blitz 2016"]
[Site "Huai'an CHN"]
[Date "2016.02.28"]
[Round "9.8"]
[White "Ponomariov, Ruslan"]
[Black "Movsesian, Sergei"]
[Result "1-0"]
[WhiteTitle "GM"]
[BlackTitle "GM"]
[WhiteElo "2712"]
[BlackElo "2653"]
[WhiteFideId "14103320"]
[BlackFideId "310204"]
[EventDate "2016.02.28"]

1. e4 c5 2. Nf3 e6 3. d4 cxd4 4. Nxd4 Nc6 5. Nc3 Qc7 6. Be2 a6 7. O-O b5 8. Nxc6
dxc6 9. Be3 Bb7 10. a4 b4 11. Nb1 c5 12. Nd2 Nf6 13. Bd3 Nd7 14. Nc4 Be7 15. a5
O-O 16. Qe2 Rfd8 17. f4 Nf6 18. e5 Nd5 19. Bd2 g6 20. h3 Rd7 21. Kh2 Bf8 22. g4
Rad8 23. f5 Qc6 24. Bg5 Re8 25. Rae1 b3 26. cxb3 Nc3 27. bxc3 Rxd3 28. fxg6 hxg6
29. Qf2 Rd7 30. Re2 Rb8 31. Qh4 Bg7 32. Bf6 Qb5 33. Bxg7 Kxg7 34. Qf6+ Kg8 35.
Ref2 Qxb3 36. Nd6 Rf8 37. Nxf7 Rdxf7 38. Qxg6+ Kh8 39. Rxf7 Rxf7 40. Rxf7 Qb2+
41. Kg3 Qxc3+ 42. Kh4 Qe1+ 43. Kh5 Qxe5+ 44. g5 1-0

[Event "IMSA Blitz 2016"]
[Site "Huai'an CHN"]
[Date "2016.02.28"]
[Round "10.1"]
[White "Li, Chao b"]
[Black "Movsesian, Sergei"]
[Result "1-0"]
[WhiteTitle "GM"]
[BlackTitle "GM"]
[WhiteElo "2751"]
[BlackElo "2653"]
[WhiteFideId "8604436"]
[BlackFideId "310204"]
[EventDate "2016.02.28"]

1. d4 Nf6 2. c4 c6 3. Nc3 d5 4. cxd5 cxd5 5. Bf4 e6 6. Rc1 Nc6 7. e3 Bd6 8. Bxd6
Qxd6 9. Bd3 O-O 10. f4 a6 11. Nf3 b5 12. O-O Bb7 13. Ne5 Ne7 14. Qb3 Rfc8 15. a3
Rc7 16. Bxb5 Rxc3 17. Qxc3 axb5 18. Qc7 Ne4 19. Qxb7 Rd8 20. Rc7 Nf5 21. Nxf7 1-0

[Event "IMSA Blitz 2016"]
[Site "Huai'an CHN"]
[Date "2016.02.28"]
[Round "10.2"]
[White "Wojtaszek, Radoslaw"]
[Black "Ponomariov, Ruslan"]
[Result "1/2-1/2"]
[WhiteTitle "GM"]
[BlackTitle "GM"]
[WhiteElo "2727"]
[BlackElo "2712"]
[WhiteFideId "1118358"]
[BlackFideId "14103320"]
[EventDate "2016.02.28"]

1. d4 d5 2. c4 dxc4 3. e3 e5 4. Bxc4 Nc6 5. Qb3 Qd7 6. dxe5 Nxe5 7. Be2 Qe6 8.
Qxe6+ Bxe6 9. Nf3 Nxf3+ 10. Bxf3 O-O-O 11. Nc3 Nf6 12. Bd2 Ng4 13. Bxg4 Bxg4 14.
f3 Be6 15. O-O-O Be7 16. Kc2 a6 17. e4 b5 18. Be3 Kb7 19. Nd5 Bd6 20. b3 f5 21.
Nf4 Rde8 22. Nd3 fxe4 23. fxe4 Bg4 24. Rde1 Rxe4 25. Nc5+ Bxc5 26. Bxc5 Rhe8 27.
Rxe4 Rxe4 28. Kd3 Re5 29. Bd4 Bf5+ 30. Kd2 Re7 31. Re1 Rd7 32. Kc3 g6 33. b4 h5
34. g3 Kc6 35. a3 Rf7 36. Re2 Kb7 37. h4 Bg4 38. Rf2 Re7 39. Bc5 Re1 40. Rf7 Rd1
41. Be3 Be6 42. Re7 Rd6 43. Bf4 Rc6+ 44. Kb2 Bf5 45. Re2 Rc4 46. Re7 Kb6 47.
Be3+ Kc6 48. Bf4 Kb7 49. Kb3 Rc6 50. Kb2 Bg4 51. Re5 Bf5 52. Rc5 Rxc5 53. bxc5
Kc6 54. Kc3 a5 55. Be5 Kxc5 56. Bxc7 b4+ 57. axb4+ axb4+ 58. Kb2 1/2-1/2